| 000 | 00699nam a22002057a 4500 | ||
|---|---|---|---|
| 008 | 230428b |||||||| |||| 00| 0 eng d | ||
| 017 | _a2007-2467 | ||
| 018 | _a2007 | ||
| 020 | _a9782838349 | ||
| 040 |
_aNLN _bEnglish _eAACR2 |
||
| 050 |
_aPM8008 _b.L287 |
||
| 082 | _a400 | ||
| 245 |
_aLANGUAGE in education and society : _ban anthology of selected writings of Conrad Max Benedict Brann / _cCompiled by Baba Mai Bello |
||
| 260 |
_aMaiduguri (P.M.B. 2001 University of Maiduguri): _bLibrary of Language in Education and Society, _c2006 |
||
| 300 |
_aX, 759p. : _b ill. ; 24cm. |
||
| 500 | _aBibliography: P. 700-729 | ||
| 563 | _a(pbk) | ||
| 650 |
_aLanguage, Universal _921803 |
||
| 942 | _cBK | ||
| 999 |
_c11026 _d11026 |
||